MARC
| LEADER | 00000nam a2200000 4500 | ||
|---|---|---|---|
| 001 | CDOM0000002386 | ||
| 003 | mi | ||
| 005 | 20251009140235.0 | ||
| 008 | 251009b |||||||| |||| 00| 0 eng d | ||
| 040 | |c mi | ||
| 100 | |a Consoli, Massimo | ||
| 245 | 1 | |a Solo i froci vanno in paradiso / |c di Luciano Massimo Consoli | |
| 260 | |a Roma |b OMPO |c 1979 | ||
| 300 | |a [10] p. ; |c 22 cm. | ||
| 490 | |a OMPO |v n. 57 (1979) | ||
| 500 | |a Numero monografico di OMPO. | ||
| 942 | |2 ddc |c BK | ||
| 952 | |0 0 |1 0 |2 ddc |4 0 |6 B_LTR05CONMASOL11 |7 1 |9 5958 |a MI |b MI |d 1987-09-14 |i 569 |l 0 |o B-LTR05-CONMA-SOL11 |p CDOM569 |r 2025-07-13 16:28:00 |w 2025-07-13 |x DONO |y BK | ||
| 999 | |c 4759 |d 4759 | ||